Trasa linii 1 (Katowice Aleja Korfantego) - Statystyki

Ogólne statystyki
  • Ten quiz został rozwiązany 6 razy
    5 od ostatniego zresetowania
  • Średni wynik to 18 z 34
Statystyki odpowiedzi
Przystanek % Poprawnych
34. Katowice Aleja Korfantego
100%
26. Giszowiec Górniczego Stanu
75%
27. Giszowiec Osiedle
75%
31. Katowice Francuska
75%
32. Katowice Mariacka
75%
33. Katowice Szkolna
75%
28. Kolonia Zuzanna nż
75%
25. Murcki Dolina Murckowska nż
75%
30. Osiedle Paderewskiego Biblioteka Śląska
75%
29. Osiedle Paderewskiego Graniczna
75%
15. Tychy Browar
75%
1. Tychy Szpital Wojewódzki
75%
16. Czułów Astrów
50%
22. Czułów Droga do Kostuchny
50%
21. Czułów Fabryka
50%
17. Czułów Katowicka
50%
20. Czułów Osiedle
50%
18. Czułów Szkoła
50%
24. Murcki Wzgórze Wandy
50%
6. Tychy Dmowskiego
50%
13. Tychy Hotelowiec
50%
8. Tychy Osiedle "K"
50%
9. Tychy Osiedle "R"
50%
2. Tychy Tęcza
50%
3. Tychy Urząd Miasta
50%
19. Czułów Leszczynowa
25%
23. Murcki Leśników nż
25%
5. Tychy Gen. Grota-Roweckiego
25%
12. Tychy Harcerska
25%
11. Tychy Hetmańska
25%
4. Tychy Niepodległości
25%
7. Tychy Skałka
25%
10. Tychy Stoczniowców 70
25%
14. Tychy Targowisko
25%
Nie znaleziono quizów pasujących do podanych kryteriów
Rozkład punktacji
Procent ludzi z każdym wynikiem
Percentyl według liczby udzielonych odpowiedzi
Twoja historia wyników
Nie rozwiązałeś tego quizu od ostatniego zresetowania